Atención a la diversidad
Guardado en:
| Autor principal: | |
|---|---|
| Formato: | Libro |
| Lenguaje: | español |
| Publicado: |
Bilbao
Mensajero
1998
|
| Colección: | Colección Recursos e Instrumentos PsicoPedagógicos, 22-23
|
| Materias: | |
| Etiquetas: |
Agregar Etiqueta
Sin Etiquetas, Sea el primero en etiquetar este registro!
|
MARC
| LEADER | 00000nam a2200000 a 4500 | ||
|---|---|---|---|
| 001 | UCP8801 | ||
| 003 | CL-VaPUC | ||
| 008 | 000317e19980000SP |||||||||||||||||spa|d | ||
| 082 | 0 | 4 | |a 370.71 |b BEL |2 21 |
| 100 | 0 | |a Belmonte Nieto, Manuel |e author |9 439034 | |
| 245 | 1 | 0 | |a Atención a la diversidad |
| 300 | |a 2v | ||
| 942 | |c BK | ||
| 945 | |d 20000317 00:00:00 |a rbrito | ||
| 260 | |a Bilbao |b Mensajero |c 1998 | ||
| 500 | |a v.1: Diseño de estrategias y evaluación formativa basada en el análisis de tareas;v.2: Orientaciones para la elaboración de distintos niveles e itinerarios de aprendizaje | ||
| 650 | 0 | |a Formación profesional de profesores |9 307493 | |
| 650 | 0 | |a Aprendizaje |9 254827 | |
| 650 | 0 | |a Métodos de enseñanza |9 270413 | |
| 650 | 7 | |a ORIENTACION EDUCATIVA |2 CL-VaPUC |9 405690 | |
| 583 | |a last modification |c 20000317 00:00:00 |k Rodrigo Vera | ||
| 490 | 0 | |a Colección Recursos e Instrumentos PsicoPedagógicos, 22-23 | |
| 999 | |c 285687 |d 285685 | ||
| 952 | |0 0 |1 0 |4 0 |6 370_710000000000000_BEL_1998 |7 0 |8 A |9 330445 |a BIBEDU |b BIBEDU |c ES_NOD |d 2019-11-20 |h v.1 |i 3596710 |o 370.71 BEL 1998 |p 3596710 |r 2023-08-09 |w 2019-11-20 |y BK |k EPE | ||
| 952 | |0 0 |1 0 |4 0 |6 370_710000000000000_BEL_1998 |7 0 |8 A |9 330446 |a BIBEDU |b BIBEDU |c ES_NOD |d 2019-11-20 |h v.2 |i 3596729 |o 370.71 BEL 1998 |p 3596729 |r 2023-08-09 |w 2019-11-20 |y BK |k EPE | ||
| 952 | |0 0 |1 0 |4 0 |6 370_710000000000000_BEL_1998 |7 0 |8 A |9 330447 |a BIBEDU |b BIBEDU |c ES_NOD |d 2019-11-20 |h v.1 |i 3698130 |o 370.71 BEL 1998 |p 3698130 |r 2023-08-09 |w 2019-11-20 |y BK |k EPE | ||
| 952 | |0 0 |1 0 |4 0 |6 370_710000000000000_BEL_1998 |7 0 |8 A |9 330448 |a BIBEDU |b BIBEDU |c ES_NOD |d 2019-11-20 |h v.2 |i 3698149 |o 370.71 BEL 1998 |p 3698149 |r 2023-08-09 |w 2019-11-20 |y BK |k EPE | ||